| 000 | 00313nam a2200121Ia 4500 | ||
|---|---|---|---|
| 008 | 230907s9999||||xx |||||||||||||| ||und|| | ||
| 082 |
_a671.35 _bHAN |
||
| 100 |
_aHanson, Kip, _981229 |
||
| 245 | 0 | _aMachining for dummies / | |
| 300 | _aix, 299 pages : | ||
| 650 |
_aHandbooks, manuals, etc. _911475 |
||
| 942 | _cBK | ||
| 999 |
_c601031 _d601031 |
||